| 000 -LEADER |
| fixed length control field |
01118pab a2200217 454500 |
| 008 - FIXED-LENGTH DATA ELEMENTS--GENERAL INFORMATION |
| fixed length control field |
180718b2007 xxu||||| |||| 00| 0 eng d |
| 100 ## - MAIN ENTRY--PERSONAL NAME |
| Personal name |
Murugan, C. Siva |
| 245 ## - TITLE STATEMENT |
| Title |
An approach to the 11th five year plan - agriculture to get top priority |
| 260 ## - PUBLICATION, DISTRIBUTION, ETC. |
| Date of publication, distribution, etc. |
2007 |
| 300 ## - PHYSICAL DESCRIPTION |
| Extent |
p.32-35. |
| 362 ## - DATES OF PUBLICATION AND/OR SEQUENTIAL DESIGNATION |
| Dates of publication and/or sequential designation |
Apr |
| 520 ## - SUMMARY, ETC. |
| Summary, etc. |
A second grteen revolution is urgently needed to raise the growth rate of agricultural GDP at around 4 per cent. This is not an easy task since actual growth of agricultural GDP, including forestry and fishing, was only 1 per cent per annum in the first three years of 10th Plan and even the most rosy projections for 2005-06 to 2006-07 would limit this below 2 per cent for the full five year period. The challenge posed is to at least double the rate of agricultural growth. This calls for action on both the demand side and the supply side. - Reproduced. |
| 650 ## - SUBJECT ADDED ENTRY--TOPICAL TERM |
| Topical term or geographic name entry element |
Eleventh Five Year Plan |
| 650 ## - SUBJECT ADDED ENTRY--TOPICAL TERM |
| Topical term or geographic name entry element |
Agriculture - India |
| 650 ## - SUBJECT ADDED ENTRY--TOPICAL TERM |
| Topical term or geographic name entry element |
Economic planning - India |
| 650 ## - SUBJECT ADDED ENTRY--TOPICAL TERM |
| Topical term or geographic name entry element |
Economic planning |
| 700 ## - ADDED ENTRY--PERSONAL NAME |
| Personal name |
Anbumani, V. |
| 773 ## - HOST ITEM ENTRY |
| Main entry heading |
Kurukshetra |
| 908 ## - PUT COMMAND PARAMETER (RLIN) |
| Put command parameter |
N |
| 909 ## - |
| -- |
73719 |